|
|
|
|
| LEADER |
00000nab a2200000 a 4500 |
| 001 |
vtls000685540 |
| 003 |
SK-MaSNL |
| 005 |
20260305001116.0 |
| 008 |
250425c1998 xo 0 slo |
| 015 |
|
|
|a SNBRB1999/01-02652
|
| 035 |
|
|
|a CLN000037707
|
| 035 |
|
|
|a urn:nbn:sk:snk-ab2e45
|
| 035 |
|
|
|a (urnnbn)urn:nbn:sk:snk:ar-a028lg
|
| 035 |
|
|
|a (uuid)eae25ac3-1719-4e7b-b986-e9357810544f
|
| 040 |
|
|
|a SNKBUCL
|b slo
|c SNKBUCL
|e AACR2
|
| 041 |
0 |
|
|a slo
|
| 044 |
|
|
|a xo
|c SK
|
| 080 |
|
|
|a 621.315.616:621.317.31
|2 1997
|
| 080 |
|
|
|a 621.317.31:534.6
|2 1997
|
| 080 |
|
|
|a 534.6
|2 1997
|
| 100 |
1 |
|
|a Demečko, Pavol
|4 aut
|9 772961
|
| 245 |
1 |
0 |
|a Meranie priestorového náboja v XLPE vzorkách pomocou PEA metódy
|c Pavol Demečko
|
| 300 |
|
|
|b Obr.
|
| 504 |
|
|
|a Bibliogr. odkazy
|
| 650 |
0 |
7 |
|a dielektriká
|2 SNKPH
|9 19715
|
| 655 |
|
7 |
|a články z novín a časopisov
|2 SNK
|9 267496
|
| 773 |
0 |
|
|t Ekt
|g Roč. 51, č. 3-4 (1998), s. 88-92
|x 1335-0676
|
| 850 |
|
|
|a Slovenská národná knižnica
|
| 852 |
|
|
|a Slovenská národná knižnica
|
| 954 |
|
|
|a odborná, vedecká literatúra pôvodná (slovenská)
|2 lita
|
| 958 |
|
|
|a article27
|
| 958 |
|
|
|a SK
|
| 958 |
|
|
|a NB
|
| 958 |
|
|
|a OND
|
| 958 |
|
|
|a EUIPO
|
| 992 |
|
|
|a RBX
|
| 999 |
|
|
|c 3217513
|d 3219443
|